RAPE ON TRIAL (Record no. 25165)
[ view plain ]
| 000 -LEADER | |
|---|---|
| fixed length control field | 00276nam a22001337a 4500 |
| 003 - CONTROL NUMBER IDENTIFIER | |
| control field | SGT |
| 020 ## - INTERNATIONAL STANDARD BOOK NUMBER | |
| International Standard Book Number | 9780710208040 |
| 082 ## - DEWEY DECIMAL CLASSIFICATION NUMBER | |
| Classification number | 345.41 |
| Item number | ADL |
| 100 ## - MAIN ENTRY--PERSONAL NAME | |
| Personal name | ADLER ,ZSUZSANNA |
| 245 ## - TITLE STATEMENT | |
| Title | RAPE ON TRIAL |
| 260 ## - PUBLICATION, DISTRIBUTION, ETC. (IMPRINT) | |
| Place of publication, distribution, etc | LONDON |
| Name of publisher, distributor, etc | ROUTLEDGE |
| Year of Publication | 1987 |
| 300 ## - PAGE DESCRIPTION | |
| No. of Pages | 195 |
| 942 ## - ADDED ENTRY ELEMENTS (KOHA) | |
| Source of classification or shelving scheme | Dewey Decimal Classification |
| Koha item type | Books |
| Withdrawn status | Lost status | Source of classification or shelving scheme | Damaged status | Not for loan | Collection code | Home library | Current library | Shelving location | Date acquired | SGTU | Total Checkouts | Full call number | Accession No. (Barcode) | Date last seen | Bill Date | Koha item type |
|---|---|---|---|---|---|---|---|---|---|---|---|---|---|---|---|---|
| Dewey Decimal Classification | LAW | SGT Science & Social Sciences Library | SGT Science & Social Sciences Library | Text Book | 02/10/2023 | SGTU | 345.41 ADL | FL3135 | 02/10/2023 | 02/10/2023 | Books |